[Event "ENCI Limburg-open B"]
[Site "Maastricht"]
[Date "2008.05.11"]
[Round "4"]
[White "Drose, Daniela"]
[Black "Metsemakers, Peter"]
[Result "1-0"]
[WhiteElo "1735"]
[BlackElo "1847"]
[PlyCount "143"]
[EventDate "2008.05.09"]
[EventType "swiss"]
[EventRounds "7"]
[EventCountry "NED"]
[Source "P.Boonen"]
[SourceDate "2010.01.01"]

1. c4 Nf6 2. Nc3 e6 3. g3 d5 4. Bg2 Be7 5. d4 O-O 6. Nf3 dxc4 7. O-O Nc6 8. e4
a6 9. a4 Rb8 10. d5 exd5 11. exd5 Na5 12. Nd4 Bc5 13. Be3 Ng4 14. Ne4 Nxe3 15.
fxe3 Bxd4 16. Qxd4 Nb3 17. Qa7 Bd7 18. Ra3 b5 19. d6 c6 20. Nc5 Nxc5 21. Qxc5
Qb6 22. Qxb6 Rxb6 23. a5 Rbb8 24. Rc3 Rfe8 25. Kf2 Re6 26. Rd1 Rbe8 27. b3 cxb3
28. Bxc6 Bxc6 29. Rxc6 Rd8 30. Rxa6 Kf8 31. Rb6 b2 32. Rxb5 Rexd6 33. Rxd6 Rxd6
34. Rxb2 Ke7 35. Ra2 Ra6 36. Kf3 Kd6 37. Ke4 f6 38. Kd4 h6 39. Kc4 Kc6 40. Kb4
Kb7 41. Kb5 Re6 42. Ra3 Re5+ 43. Kc4 Ka6 44. Kd4 Rg5 45. e4 Re5 46. h4 Rb5 47.
Rc3 Kb7 48. Rc5 Rb3 49. g4 Rh3 50. g5 Rxh4 51. gxf6 gxf6 52. Rf5 Ka6 53. Kd5
Kxa5 54. Rxf6 Kb5 55. e5 Rh1 56. Kd6 h5 57. e6 Rd1+ 58. Ke7 Re1 59. Rf5+ Kc6
60. Rxh5 Re2 61. Rh6 Re1 62. Rh2 Ra1 63. Rd2 Rh1 64. Rd4 Rh6 65. Kf7 Kc5 66.
Rd2 Rh3 67. e7 Rf3+ 68. Ke8 Ra3 69. Kd7 Ra7+ 70. Ke6 Ra6+ 71. Kf7 Ra7 72. Kf8
1-0

[Event "ENCI Limburg-open B"]
[Site "Maastricht"]
[Date "2008.05.11"]
[Round "4"]
[White "Erin, Igor"]
[Black "Braam, Marco"]
[Result "0-1"]
[WhiteElo "1703"]
[BlackElo "1590"]
[PlyCount "138"]
[EventDate "2008.05.09"]
[EventType "swiss"]
[EventRounds "7"]
[EventCountry "NED"]
[Source "P.Boonen"]
[SourceDate "2010.01.01"]

1. e4 e6 2. d4 d5 3. Nc3 b6 4. e5 Bb7 5. Bd3 c5 6. Bb5+ Bc6 7. Nge2 Bxb5 8.
Nxb5 Nc6 9. Bf4 a6 10. Nbc3 Nge7 11. Bg3 Nf5 12. dxc5 bxc5 13. f4 d4 14. Na4
Ne3 15. Qd2 Nxg2+ 16. Kf2 Ne3 17. a3 Qd5 18. Rhg1 Rb8 19. b3 h5 20. h4 Be7 21.
Qd3 a5 22. c4 Qd8 23. Rh1 Nf5 24. Qf3 Rc8 25. Rag1 d3 26. Rd1 Ncd4 27. Qxd3 Qc7
28. Nxd4 Nxd4 29. Qe4 Nxb3 30. Rd3 Nd4 31. Rb1 Rb8 32. Rxb8+ Qxb8 33. Rxd4 cxd4
34. Qc6+ Kf8 35. Nb6 Kg8 36. c5 Kh7 37. Qe4+ g6 38. Qxd4 Rd8 39. Qc3 Qc7 40.
Na4 Rc8 41. Ke2 Bxc5 42. Qd3 Be7 43. Be1 Qc6 44. Nc3 Bxh4 45. Bd2 Qc4 46. Ne4
Be7 47. Bxa5 Qxd3+ 48. Kxd3 Bxa3 49. Be1 Bc1 50. Nd6 Rc7 51. Ke4 Ra7 52. Bg3
Ra3 53. Bf2 Ra4+ 54. Bd4 Bb2 55. Nxf7 Rxd4+ 56. Ke3 Rc4 57. Ng5+ Kg8 58. Nxe6
Kf7 59. Ng5+ Ke7 60. Ne4 h4 61. Kf3 Bc1 62. Nf2 Bxf4 63. Ng4 Ke6 64. Nf2 Bxe5
65. Nh3 Kf5 66. Nf2 g5 67. Nh1 g4+ 68. Kg2 h3+ 69. Kf2 Rc2+ 0-1

[Event "ENCI Limburg-open B"]
[Site "Maastricht"]
[Date "2008.05.11"]
[Round "4"]
[White "Frijns, Raoul"]
[Black "Klees, Robert"]
[Result "1-0"]
[WhiteElo "1680"]
[BlackElo "1239"]
[PlyCount "77"]
[EventDate "2008.05.09"]
[EventType "swiss"]
[EventRounds "7"]
[EventCountry "NED"]
[Source "P.Boonen"]
[SourceDate "2010.01.01"]

1. d4 c5 2. d5 Nf6 3. c4 b5 4. b3 g6 5. Bb2 Bg7 6. Nd2 d6 7. e4 O-O 8. Qc2 Nbd7
9. cxb5 Re8 10. Ngf3 a6 11. bxa6 Bxa6 12. Bxa6 Rxa6 13. O-O Qa8 14. a4 Rb8 15.
Rfb1 Ng4 16. Bxg7 Kxg7 17. Nc4 Nb6 18. Nfd2 Nd7 19. Ra2 Nge5 20. Qc3 Kg8 21.
Rab2 Ng4 22. a5 Nge5 23. b4 Nxc4 24. Nxc4 Ne5 25. Nxe5 dxe5 26. Qxc5 Qb7 27. h3
Rc8 28. Qe3 Qb5 29. Rc1 Rc4 30. Rxc4 Qxc4 31. Qc5 Qxc5 32. bxc5 Rxa5 33. c6 Rc5
34. Rb7 Kf8 35. Rb8+ Kg7 36. Rd8 e6 37. Rd7 Kf8 38. c7 Ke8 39. Rd8+ 1-0

[Event "ENCI Limburg-open B"]
[Site "Maastricht"]
[Date "2008.05.11"]
[Round "4"]
[White "Gijsen, Michelle"]
[Black "Spoelstra, Henri"]
[Result "1-0"]
[WhiteElo "1580"]
[BlackElo "1739"]
[PlyCount "79"]
[EventDate "2008.05.09"]
[EventType "swiss"]
[EventRounds "7"]
[EventCountry "NED"]
[Source "P.Boonen"]
[SourceDate "2010.01.01"]

1. e4 d6 2. d4 Nf6 3. Nc3 g6 4. Be3 Bg7 5. Bd3 c6 6. f3 b5 7. Qd2 Qc7 8. Bh6
O-O 9. Bxg7 Kxg7 10. g4 e5 11. dxe5 dxe5 12. O-O-O a5 13. Nge2 a4 14. Rdg1 Be6
15. Kb1 b4 16. Nd1 b3 17. cxb3 a3 18. h4 h5 19. gxh5 Nxh5 20. Rg5 Nd7 21. Rxh5
Rh8 22. Rxh8 Rxh8 23. bxa3 Qd6 24. Ndc3 Qxa3 25. Qb2 Qa7 26. Qc1 c5 27. Nd5 Nb8
28. f4 Nc6 29. f5 Bxd5 30. exd5 Nb4 31. Qd2 Ra8 32. Nc3 Qa5 33. Rh2 Qd8 34. Be4
c4 35. fxg6 cxb3 36. axb3 Qb6 37. Qf2 Qxf2 38. Rxf2 f6 39. h5 Na6 40. Ra2 1-0

[Event "ENCI Limburg-open B"]
[Site "Maastricht"]
[Date "2008.05.11"]
[Round "4"]
[White "Gundogmus, Alaettin"]
[Black "Sofic, Narcis"]
[Result "0-1"]
[WhiteElo "1586"]
[BlackElo "1882"]
[PlyCount "80"]
[EventDate "2008.05.09"]
[EventType "swiss"]
[EventRounds "7"]
[EventCountry "NED"]
[Source "P.Boonen"]
[SourceDate "2010.01.01"]

1. d4 d5 2. c4 c6 3. Nc3 Nf6 4. Bg5 e6 5. e3 h6 6. Bh4 Be7 7. h3 Nbd7 8. Bd3
dxc4 9. Bxc4 Nb6 10. Bd3 Nbd5 11. Nge2 b6 12. a3 Bb7 13. O-O O-O 14. Rc1 Nxc3
15. Nxc3 Nd5 16. Bxe7 Qxe7 17. Be4 Rfd8 18. b4 a5 19. Bxd5 exd5 20. Qb3 Ba6 21.
Rfe1 Bc4 22. Qb2 b5 23. Ra1 a4 24. Nb1 Rd6 25. Nd2 Rg6 26. Nf3 Qe4 27. Kh1 Re8
28. Rg1 Rge6 29. Nd2 Qh4 30. Nf3 Qh5 31. Rac1 f6 32. Qd2 g5 33. Nh2 Qg6 34. Qd1
Kf7 35. Nf3 h5 36. Nd2 g4 37. Nxc4 dxc4 38. h4 g3 39. fxg3 Rxe3 40. d5 Rd3 0-1

[Event "ENCI Limburg-open B"]
[Site "Maastricht"]
[Date "2008.05.11"]
[Round "4"]
[White "Gunther, Justin"]
[Black "Whitmire, James David"]
[Result "1-0"]
[WhiteElo "1752"]
[BlackElo "1589"]
[PlyCount "71"]
[EventDate "2008.05.09"]
[EventType "swiss"]
[EventRounds "7"]
[EventCountry "NED"]
[Source "P.Boonen"]
[SourceDate "2010.01.01"]

1. e4 c5 2. Nf3 d6 3. d4 cxd4 4. Nxd4 Nf6 5. Nc3 a6 6. Be2 e5 7. Nb3 Be7 8. O-O
O-O 9. Kh1 b6 10. Nd5 Nbd7 11. f4 Bb7 12. Bd3 Re8 13. Qf3 Bf8 14. c4 exf4 15.
Bxf4 Ne5 16. Bxe5 Rxe5 17. Nd4 Bxd5 18. exd5 Qe8 19. Bc2 Rc8 20. Qh3 Rh5 21.
Qg3 Rxc4 22. Qd3 Qe5 23. Nf3 Qxd5 24. Qxd5 Nxd5 25. Bb3 Rc8 26. g4 Ne3 27. gxh5
Nxf1 28. Rxf1 Be7 29. Nd4 Bf6 30. Nf5 Rd8 31. h6 g6 32. Ng3 Bxb2 33. Bxf7+ Kh8
34. Bd5 Rc8 35. Ne4 Be5 36. Ng5 1-0

[Event "ENCI Limburg-open B"]
[Site "Maastricht"]
[Date "2008.05.11"]
[Round "4"]
[White "Hendrikse, Arnoud"]
[Black "Van Oirschot, Kees"]
[Result "0-1"]
[WhiteElo "1444"]
[BlackElo "1807"]
[PlyCount "86"]
[EventDate "2008.05.09"]
[EventType "swiss"]
[EventRounds "7"]
[EventCountry "NED"]
[Source "P.Boonen"]
[SourceDate "2010.01.01"]

1. d4 Nf6 2. c4 e6 3. Nc3 Bb4 4. Bd2 d5 5. e3 O-O 6. a3 Be7 7. Nf3 c5 8. b3 b6
9. Bd3 Bb7 10. Bc2 Nc6 11. cxd5 exd5 12. O-O Bd6 13. Nb5 Bb8 14. Bc1 a6 15. Nc3
Qd6 16. Ne2 Bc7 17. dxc5 bxc5 18. Ng3 Ne7 19. Bb2 Qc6 20. Rc1 Ne4 21. Qd3 Rad8
22. Nxe4 dxe4 23. Qc3 f6 24. Ne1 Kh8 25. b4 c4 26. Bd1 Rc8 27. Bg4 Nd5 28. Qc2
f5 29. Be2 c3 30. Ba1 Be5 31. g3 Qg6 32. Ng2 Qc6 33. Rfd1 g5 34. Kh1 Nf6 35.
Rg1 Nd5 36. f3 Nf6 37. f4 gxf4 38. gxf4 Ng4 39. Bxg4 fxg4 40. fxe5 g3 41. Qxc3
Qe6 42. Qe1 Rxc1 43. Qxc1 Qh3 0-1

[Event "ENCI Limburg-open B"]
[Site "Maastricht"]
[Date "2008.05.11"]
[Round "4"]
[White "Henrotte, Nils"]
[Black "Roemhild, Wolfgang"]
[Result "0-1"]
[WhiteElo "1555"]
[BlackElo "1734"]
[PlyCount "68"]
[EventDate "2008.05.09"]
[EventType "swiss"]
[EventRounds "7"]
[EventCountry "NED"]
[Source "P.Boonen"]
[SourceDate "2010.01.01"]

1. e4 e5 2. Nc3 f5 3. exf5 Nf6 4. f4 e4 5. d3 Bb4 6. Bd2 d5 7. dxe4 O-O 8. e5
Bxc3 9. Bxc3 Ne4 10. Qf3 Bxf5 11. O-O-O c6 12. Ne2 Qe7 13. g4 Nxc3 14. Nxc3 Bd7
15. Qg3 Qb4 16. f5 Na6 17. a3 Qe7 18. Kb1 b5 19. Na2 Nc5 20. Bg2 a5 21. b3 Kh8
22. h4 Rfb8 23. Rhf1 Na4 24. bxa4 bxa4+ 25. Kc1 Rb5 26. Kd2 Rb2 27. Nc1 Rab8
28. f6 gxf6 29. exf6 Qf7 30. g5 d4 31. Qd6 Rxc2+ 32. Kxc2 Qc4+ 33. Kd2 Qc3+ 34.
Ke2 Qe3# 0-1

[Event "ENCI Limburg-open B"]
[Site "Maastricht"]
[Date "2008.05.11"]
[Round "4"]
[White "Heuts, John"]
[Black "Van Delft, Karel"]
[Result "1/2-1/2"]
[WhiteElo "1746"]
[BlackElo "1641"]
[PlyCount "87"]
[EventDate "2008.05.09"]
[EventType "swiss"]
[EventRounds "7"]
[EventCountry "NED"]
[Source "P.Boonen"]
[SourceDate "2010.01.01"]

1. c4 e5 2. g3 Nf6 3. Bg2 c6 4. Nf3 d6 5. Nc3 Be7 6. d3 O-O 7. O-O h6 8. e4 Ne8
9. Nd2 f5 10. f4 exf4 11. Rxf4 Bg5 12. Rf1 f4 13. gxf4 Bxf4 14. Nf3 Bg4 15. Ne2
Bxc1 16. Qxc1 Nd7 17. Nfd4 Rxf1+ 18. Qxf1 Qf6 19. Qxf6 Nexf6 20. Ng3 Ne5 21.
Ndf5 Nxd3 22. Nxd6 Ne5 23. b3 b6 24. Rf1 Rd8 25. Ndf5 Rd1 26. Rxd1 Bxd1 27.
Ne7+ Kf7 28. Nc8 Bf3 29. Nxa7 Bxg2 30. Kxg2 Ke6 31. Nc8 b5 32. cxb5 cxb5 33. a4
bxa4 34. bxa4 Nc4 35. Kf3 Ke5 36. Nf5 Nxe4 37. Nxg7 Nc5 38. Kg4 Nxa4 39. Kh5
Ne3 40. h3 Kf6 41. Kxh6 Nc5 42. Nd6 Ng2 43. Ngf5 Ne6 44. h4 1/2-1/2

[Event "ENCI Limburg-open B"]
[Site "Maastricht"]
[Date "2008.05.11"]
[Round "4"]
[White "Hodenius, Frans"]
[Black "Liston, Mike"]
[Result "1/2-1/2"]
[WhiteElo "1590"]
[BlackElo "1812"]
[PlyCount "94"]
[EventDate "2008.05.09"]
[EventType "swiss"]
[EventRounds "7"]
[EventCountry "NED"]
[Source "P.Boonen"]
[SourceDate "2010.01.01"]

1. Nf3 d5 2. d4 Nf6 3. c4 e6 4. Nc3 Be7 5. Bg5 O-O 6. e3 c5 7. cxd5 cxd4 8.
exd4 Nxd5 9. Bxe7 Nxe7 10. Bc4 b6 11. Qd3 Bb7 12. Rd1 Nbc6 13. Ne2 Nb4 14. Qb3
Nbd5 15. O-O Nf5 16. a3 Qf6 17. Qd3 Nh4 18. Nxh4 Qxh4 19. Qg3 Qxg3 20. Nxg3
Rac8 21. Rc1 Nf4 22. f3 Rfd8 23. Rfd1 g6 24. Kf2 e5 25. Ne2 Nxe2 26. Kxe2 exd4
27. Kd2 Kg7 28. Bd3 Rxc1 29. Rxc1 Rc8 30. Rxc8 Bxc8 31. Bc4 Kf6 32. Kd3 Ke5 33.
Bxf7 Bf5+ 34. Kd2 h5 35. g4 hxg4 36. fxg4 Be4 37. h4 Kf4 38. h5 gxh5 39. gxh5
Kg5 40. Bg6 Bxg6 41. hxg6 Kxg6 42. Kd3 Kf6 43. Kxd4 Ke6 44. Kc4 a6 45. a4 Kd6
46. Kd4 Kc6 47. Kc4 b5+ 1/2-1/2

[Event "ENCI Limburg-open B"]
[Site "Maastricht"]
[Date "2008.05.11"]
[Round "4"]
[White "Hoogland, Bauke"]
[Black "Andziulevicius, Kestutis"]
[Result "1-0"]
[WhiteElo "1838"]
[BlackElo "1732"]
[PlyCount "55"]
[EventDate "2008.05.09"]
[EventType "swiss"]
[EventRounds "7"]
[EventCountry "NED"]
[Source "P.Boonen"]
[SourceDate "2010.01.01"]

1. e4 c5 2. Nc3 d6 3. f4 g6 4. Nf3 Bg7 5. Bc4 e6 6. O-O Ne7 7. d3 Nbc6 8. Qe1
a6 9. a3 O-O 10. Qh4 d5 11. Ba2 b5 12. f5 f6 13. fxe6 Bxe6 14. Bh6 g5 15. Bxg5
c4 16. exd5 Nxd5 17. dxc4 Nxc3 18. bxc3 fxg5 19. Nxg5 Rxf1+ 20. Rxf1 h6 21. Qe4
Qb6+ 22. Kh1 hxg5 23. Qxe6+ Kh7 24. Rf3 g4 25. Rf5 Qd8 26. Rh5+ Bh6 27. Qxh6+
Kg8 28. c5+ 1-0

[Event "ENCI Limburg-open B"]
[Site "Maastricht"]
[Date "2008.05.11"]
[Round "4"]
[White "Ingelaere, Tijl"]
[Black "De Ridder, Naomi"]
[Result "0-1"]
[WhiteElo "1150"]
[BlackElo "1302"]
[PlyCount "64"]
[EventDate "2008.05.09"]
[EventType "swiss"]
[EventRounds "7"]
[EventCountry "NED"]
[Source "P.Boonen"]
[SourceDate "2010.01.01"]

1. e4 e5 2. Nf3 Nc6 3. Bb5 Nf6 4. O-O Nxe4 5. d4 a6 6. Ba4 d5 7. Nxe5 Bd7 8.
Nxc6 Bxc6 9. Bxc6+ bxc6 10. Re1 Be7 11. Nd2 Nf6 12. Nf3 O-O 13. Ne5 Qd6 14. f3
c5 15. dxc5 Qxc5+ 16. Kh1 Qd6 17. Nd3 Bd8 18. Bf4 Qb6 19. b3 c5 20. Nb2 Nh5 21.
Be3 d4 22. Bf2 Bc7 23. g3 Qh6 24. f4 Nxf4 25. gxf4 Bxf4 26. Kg1 Qxh2+ 27. Kf1
Qh3+ 28. Ke2 Rfe8+ 29. Be3 Rxe3+ 30. Kf2 Bg3+ 31. Kg1 Qh2+ 32. Kf1 Qh1# 0-1

[Event "ENCI Limburg-open B"]
[Site "Maastricht"]
[Date "2008.05.11"]
[Round "4"]
[White "Johnen, Franz"]
[Black "Ghafuri, Asef"]
[Result "1/2-1/2"]
[WhiteElo "1587"]
[BlackElo "1765"]
[PlyCount "77"]
[EventDate "2008.05.09"]
[EventType "swiss"]
[EventRounds "7"]
[EventCountry "NED"]
[Source "P.Boonen"]
[SourceDate "2010.01.01"]

1. d4 e6 2. c4 c6 3. e3 d5 4. Nf3 Nf6 5. Nc3 Be7 6. Be2 Nbd7 7. O-O O-O 8. b3
h6 9. Bb2 b6 10. Qc2 Bb4 11. Rac1 Bxc3 12. Bxc3 Ne4 13. Bb4 c5 14. dxc5 bxc5
15. Bc3 Nxc3 16. Qxc3 Bb7 17. Rfd1 Rc8 18. Qb2 Qb6 19. Ne5 Nf6 20. Bf3 Rfd8 21.
h3 Rd6 22. Ng4 Nh7 23. cxd5 exd5 24. h4 a5 25. Qe5 Rcd8 26. Qf4 Nf8 27. Qg3 Rg6
28. h5 Rgd6 29. Rc2 Bc8 30. Rdc1 Bxg4 31. Bxg4 Rc6 32. Qe5 Ne6 33. Bxe6 fxe6
34. g4 Rdc8 35. Kg2 Qd8 36. Kg3 Kf7 37. f4 Qf6 38. Qc3 Qxc3 39. Rxc3 1/2-1/2

[Event "ENCI Limburg-open B"]
[Site "Maastricht"]
[Date "2008.05.11"]
[Round "4"]
[White "Kalkman De Koster, Franzke"]
[Black "Racke, Dana"]
[Result "0-1"]
[WhiteElo "1390"]
[BlackElo "1075"]
[PlyCount "94"]
[EventDate "2008.05.09"]
[EventType "swiss"]
[EventRounds "7"]
[EventCountry "NED"]
[Source "P.Boonen"]
[SourceDate "2010.01.01"]

1. d4 Nf6 2. c4 c6 3. Nf3 g6 4. Nc3 Bg7 5. Qc2 O-O 6. e4 d6 7. Be3 Nbd7 8. Rd1
Qc7 9. Bf4 Nh5 10. Be3 e5 11. d5 h6 12. g3 Nhf6 13. Bg2 Ng4 14. Bd2 Qb6 15. O-O
Nc5 16. h3 Nf6 17. Be3 Qc7 18. Bxc5 dxc5 19. d6 Qd8 20. Nxe5 Nd7 21. Nxd7 Bxd7
22. Ne2 Be5 23. f4 Bg7 24. Nc3 f5 25. e5 g5 26. Rfe1 gxf4 27. gxf4 Be6 28. Na4
b6 29. Bxc6 Rc8 30. Bd5 Bxd5 31. Rxd5 Qh4 32. Qd2 Qg3+ 33. Qg2 Qxe1+ 34. Kh2
Kh7 35. Rd2 Rg8 36. Qd5 Bxe5 37. Qf7+ Kh8 38. Qf6+ Bxf6 39. Rg2 Rxg2+ 40. Kxg2
Rg8+ 41. Kf3 Qg3+ 42. Ke2 Re8+ 43. Kd2 Qe3+ 44. Kc2 Qe4+ 45. Kb3 Qd3+ 46. Nc3
Bxc3 47. bxc3 Qxd6 0-1

[Event "ENCI Limburg-open B"]
[Site "Maastricht"]
[Date "2008.05.11"]
[Round "4"]
[White "Kers, Kyra Tiana"]
[Black "Hollands, Maxim"]
[Result "0-1"]
[WhiteElo "1385"]
[BlackElo "1704"]
[PlyCount "80"]
[EventDate "2008.05.09"]
[EventType "swiss"]
[EventRounds "7"]
[EventCountry "NED"]
[Source "P.Boonen"]
[SourceDate "2010.01.01"]

1. e4 d6 2. Nc3 Nf6 3. Nf3 g6 4. Bc4 c6 5. d3 Bg7 6. Bg5 h6 7. Bf4 e5 8. Bg3
O-O 9. O-O Nbd7 10. Nh4 Kh7 11. Qf3 Qe7 12. Ne2 b5 13. Bb3 Nc5 14. c4 Be6 15.
Rfd1 bxc4 16. Bxc4 Bxc4 17. dxc4 Nfxe4 18. b4 Nxg3 19. fxg3 e4 20. Qe3 Nd3 21.
Rab1 Rae8 22. b5 c5 23. Qd2 Qe6 24. b6 axb6 25. Rxb6 g5 26. Nc1 Bd4+ 27. Kf1
Nxc1 28. Rxc1 gxh4 29. Qf4 Qf6 30. Qxf6 Bxf6 31. Rxd6 Bd4 32. gxh4 Ra8 33. Rc2
Ra4 34. Rd7 Kg6 35. Re7 e3 36. Ke2 Rfa8 37. Kf3 Rxa2 38. Re2 Rxe2 39. Kxe2 Ra2+
40. Kd1 Rxg2 0-1

[Event "ENCI Limburg-open B"]
[Site "Maastricht"]
[Date "2008.05.11"]
[Round "4"]
[White "Klokgieters, Jeroen"]
[Black "Vancleef, Arne"]
[Result "0-1"]
[WhiteElo "1169"]
[BlackElo "1517"]
[PlyCount "96"]
[EventDate "2008.05.09"]
[EventType "swiss"]
[EventRounds "7"]
[EventCountry "NED"]
[Source "P.Boonen"]
[SourceDate "2010.01.01"]

1. e4 d5 2. exd5 Nf6 3. Nf3 Nxd5 4. Be2 Bf5 5. O-O e6 6. a3 Nc6 7. d3 Bd6 8.
Bd2 O-O 9. Nc3 Nb6 10. h3 Re8 11. Qc1 e5 12. Re1 f6 13. Be3 Bf8 14. Bxb6 cxb6
15. Rb1 Rc8 16. Rd1 a5 17. Ne4 Bc5 18. Nxc5 bxc5 19. Qe3 b6 20. c3 Qc7 21. Rbc1
Rcd8 22. Ne1 Bg6 23. Rc2 Bf7 24. c4 Bg6 25. Qc1 Nd4 26. Rcd2 Nb3 27. Qc3 Nxd2
28. Rxd2 Qf7 29. Bf3 Bf5 30. Qb3 Rd6 31. Qb5 Red8 32. Kh2 Kh8 33. Qb3 Qg6 34.
Be2 Qg5 35. Rd1 Qf4+ 36. Kg1 Qg5 37. Nf3 Qg6 38. Nh4 Qg5 39. Nf3 Qh6 40. Kh2
Bg4 41. Kg1 Bxf3 42. Bxf3 Qg6 43. Kh2 h6 44. g4 Rxd3 45. Rxd3 Rxd3 46. Qxb6
Rxf3 47. Qxa5 Qe4 48. Qxc5 Qd4 0-1

[Event "ENCI Limburg-open B"]
[Site "Maastricht"]
[Date "2008.05.11"]
[Round "4"]
[White "Laan, Kart"]
[Black "Gheury, Jean Marie"]
[Result "1-0"]
[WhiteElo "1541"]
[BlackElo "1867"]
[PlyCount "67"]
[EventDate "2008.05.09"]
[EventType "swiss"]
[EventRounds "7"]
[EventCountry "NED"]
[Source "P.Boonen"]
[SourceDate "2010.01.01"]

1. d4 Nf6 2. c4 Nc6 3. Nc3 e5 4. d5 Ne7 5. e4 Ng6 6. Bg5 h6 7. Bxf6 Qxf6 8. Nf3
Bc5 9. a3 a5 10. Be2 Nf4 11. g3 Nh3 12. Rf1 Qb6 13. Rb1 Bxf2+ 14. Kd2 Qe3+ 15.
Kc2 d6 16. Nd2 f5 17. c5 Qxc5 18. Bb5+ Ke7 19. Qh5 Ng5 20. Qg6 Rf8 21. Qxg7+
Rf7 22. Qxh6 Nxe4 23. Ndxe4 fxe4 24. Qg5+ Kf8 25. Qd8+ Kg7 26. Be8 Bf5 27. Qxa8
e3+ 28. Kb3 Bxb1 29. Rxb1 e2 30. Bxf7 Kxf7 31. Qxb7 e1=Q 32. Rxe1 Bxe1 33. Qb5
Qe3 34. Qxa5 1-0

[Event "ENCI Limburg-open B"]
[Site "Maastricht"]
[Date "2008.05.11"]
[Round "4"]
[White "Loose, Rob"]
[Black "Obels, Pepijn"]
[Result "0-1"]
[WhiteElo "1859"]
[BlackElo "1728"]
[PlyCount "82"]
[EventDate "2008.05.09"]
[EventType "swiss"]
[EventRounds "7"]
[EventCountry "NED"]
[Source "P.Boonen"]
[SourceDate "2010.01.01"]

1. e4 c5 2. Nf3 d6 3. d4 cxd4 4. Nxd4 Nf6 5. Nc3 g6 6. Be3 a6 7. f4 b5 8. Qf3
Bb7 9. O-O-O Nbd7 10. Kb1 Rc8 11. Bd3 Bg7 12. Rhe1 Nb6 13. g4 Nc4 14. Bg1 Qc7
15. Nce2 Qa5 16. Nb3 Qc7 17. Ng3 O-O 18. Qe2 Nd7 19. Bxc4 bxc4 20. Nc1 Rb8 21.
Bd4 Bxd4 22. Rxd4 Qb6 23. c3 Rfc8 24. Red1 a5 25. R1d2 Ba6 26. e5 Nc5 27. exd6
Na4 28. Qxe7 Nxb2 29. d7 Nd3+ 30. Nb3 Rd8 31. Ne4 cxb3 32. Nf6+ Kh8 33. a3 Qc6
34. R4xd3 Bxd3+ 35. Kb2 Qh1 36. c4 Qb1+ 37. Kc3 Bc2 38. Qxd8+ Rxd8 39. Re2 Qa1+
40. Kd2 Qd1+ 41. Ke3 Qxe2+ 0-1

[Event "ENCI Limburg-open B"]
[Site "Maastricht"]
[Date "2008.05.11"]
[Round "4"]
[White "Marcoen, Tom"]
[Black "Verstraeten, Reinaert"]
[Result "0-1"]
[WhiteElo "1384"]
[BlackElo "1724"]
[PlyCount "90"]
[EventDate "2008.05.09"]
[EventType "swiss"]
[EventRounds "7"]
[EventCountry "NED"]
[Source "P.Boonen"]
[SourceDate "2010.01.01"]

1. e4 c5 2. Nc3 Nc6 3. f4 g6 4. Nf3 Bg7 5. Bb5 Nd4 6. O-O Nxb5 7. Nxb5 a6 8.
Nc3 d6 9. d3 Nf6 10. Qe1 O-O 11. Qh4 e6 12. f5 b5 13. fxg6 fxg6 14. Bg5 b4 15.
e5 bxc3 16. exf6 Bxf6 17. bxc3 Bb7 18. Bxf6 Qxf6 19. Ng5 Qe7 20. Rfe1 e5 21.
Qg3 Rf5 22. Ne4 Raf8 23. Rab1 d5 24. Rxb7 Qxb7 25. Nd6 Qd7 26. Nxf5 Qxf5 27. h4
Re8 28. Rf1 Qe6 29. h5 Kg7 30. Qe3 Qd6 31. h6+ Kg8 32. Rb1 Qc6 33. Qg3 Qc7 34.
Qg5 Rf8 35. Rf1 Rxf1+ 36. Kxf1 Kf7 37. Ke2 Ke6 38. Qg4+ Kd6 39. Qg5 Qe7 40. Qg4
Qe6 41. Qg5 Kd7 42. Qh4 e4 43. dxe4 dxe4 44. Ke3 Qxa2 45. Qxe4 Qe6 0-1

[Event "ENCI Limburg-open B"]
[Site "Maastricht"]
[Date "2008.05.11"]
[Round "4"]
[White "Mollema, Thomas"]
[Black "Roelofs, Eric"]
[Result "1/2-1/2"]
[WhiteElo "1422"]
[BlackElo "1415"]
[PlyCount "133"]
[EventDate "2008.05.09"]
[EventType "swiss"]
[EventRounds "7"]
[EventCountry "NED"]
[Source "P.Boonen"]
[SourceDate "2010.01.01"]

1. e4 e5 2. Nf3 d6 3. Bc4 Be7 4. d3 Nc6 5. Be3 h6 6. c3 Na5 7. Bb3 Bg4 8. Nbd2
Nf6 9. h3 Bd7 10. O-O Qc8 11. Ba4 b5 12. Bc2 Nh7 13. d4 Bf6 14. Nb3 Nb7 15.
dxe5 dxe5 16. Nc5 Bc6 17. Nxb7 Qxb7 18. Re1 Rd8 19. Qe2 O-O 20. Bc5 Rfe8 21. a4
a6 22. axb5 Bxb5 23. c4 Bd7 24. Ba4 c6 25. Qf1 Be7 26. Bxe7 Rxe7 27. Rab1 Qb4
28. Bc2 Nf6 29. b3 c5 30. Qd3 Re6 31. Ra1 Qb6 32. Qc3 Qc7 33. Nd2 Bc8 34. Rad1
Nh5 35. Nf3 Rxd1 36. Rxd1 Nf4 37. Qd2 Re8 38. Rb1 Rd8 39. Qe3 a5 40. Nh2 Rd6
41. Kh1 Rg6 42. Rg1 Qc6 43. Bd1 Rd6 44. Ng4 f6 45. Qc3 Qxe4 46. Bf3 Qd3 47.
Qxd3 Rxd3 48. Rd1 Bxg4 49. Bxg4 Rxd1+ 50. Bxd1 Kf7 51. Kg1 Ke6 52. Kf1 e4 53.
g3 Nd3 54. Ke2 f5 55. f3 Ke5 56. Ke3 g5 57. fxe4 fxe4 58. Bc2 Nc1 59. g4 Na2
60. Bxe4 Nb4 61. Bb1 Nc6 62. Bc2 Nd4 63. Bd1 Ne6 64. Be2 Nd4 65. Bd1 Ne6 66.
Be2 Nd4 67. Bd1 1/2-1/2

[Event "ENCI Limburg-open B"]
[Site "Maastricht"]
[Date "2008.05.11"]
[Round "4"]
[White "Muyrers, Cyril"]
[Black "Freriks, Oscar"]
[Result "1/2-1/2"]
[WhiteElo "1766"]
[BlackElo "1453"]
[PlyCount "99"]
[EventDate "2008.05.09"]
[EventType "swiss"]
[EventRounds "7"]
[EventCountry "NED"]
[Source "P.Boonen"]
[SourceDate "2010.01.01"]

1. e4 g6 2. d4 Bg7 3. c4 d6 4. Nc3 Nd7 5. Nf3 Ngf6 6. Bg5 O-O 7. Qd2 c5 8.
O-O-O cxd4 9. Nxd4 Nc5 10. f3 Bd7 11. Kb1 a5 12. h4 a4 13. h5 Nxh5 14. g4 Ng3
15. Rh3 Ngxe4 16. Nxe4 Nxe4 17. fxe4 Bxg4 18. Bh6 Bxd4 19. Qxd4 e5 20. Qd2 Re8
21. Bg5 f6 22. Be3 Bxd1 23. Qd5+ Kh8 24. Qxd1 a3 25. b3 Qa5 26. Qc1 Rec8 27.
Bd2 Qb6 28. Be3 Qd8 29. Qd1 Qd7 30. Rh6 Qf7 31. c5 dxc5 32. Bc4 Qf8 33. Qd7 Qg7
34. Qh3 Rc7 35. Qh1 Rd8 36. Rh2 Rcd7 37. Kc2 b6 38. Bh6 Qe7 39. Qg2 g5 40. Qf3
Qd6 41. Bd5 Rc7 42. Qf5 c4 43. bxc4 b5 44. Qf1 bxc4 45. Rh3 Qb6 46. Rxa3 c3 47.
Rb3 Qd6 48. Qf2 Qa6 49. Rb6 Qa4+ 50. Kc1 1/2-1/2

[Event "ENCI Limburg-open B"]
[Site "Maastricht"]
[Date "2008.05.11"]
[Round "4"]
[White "Neve, Peter"]
[Black "Van Meegen, Henk"]
[Result "0-1"]
[WhiteElo "1636"]
[BlackElo "1403"]
[PlyCount "84"]
[EventDate "2008.05.09"]
[EventType "swiss"]
[EventRounds "7"]
[EventCountry "NED"]
[Source "P.Boonen"]
[SourceDate "2010.01.01"]

1. e4 c5 2. Nf3 d6 3. c3 Nf6 4. Bd3 g6 5. O-O Bg7 6. Bc2 Nc6 7. d4 cxd4 8. cxd4
Bg4 9. Be3 O-O 10. h3 Bd7 11. Qd2 Re8 12. Nc3 Qc8 13. a3 Na5 14. b3 b6 15. Rac1
e6 16. Ne2 Bc6 17. Ng3 Qb7 18. Qd3 Qd7 19. Rfe1 Rac8 20. Qd1 Bb5 21. Nd2 Rc7
22. b4 Nc4 23. Nxc4 Bxc4 24. Bb3 Bxb3 25. Qxb3 Rxc1 26. Rxc1 Rc8 27. Qd1 Qb7
28. f3 Nd7 29. Ne2 b5 30. Rc2 Nb6 31. Rxc8+ Qxc8 32. Qc1 Qd7 33. Qc2 Nc4 34.
Bc1 Qe7 35. Qd3 a6 36. d5 Bb2 37. Bxb2 Nxb2 38. Qc3 Nc4 39. Nf4 e5 40. Ne2 Qa7+
41. Kh2 Qf2 42. Ng1 Ne3 0-1